Statistics for Sweden's Opponents in the FIFA World Cup

Click here to take the quiz!

General Stats

  • This quiz has been taken 50 times
  • The average score is 21 of 30

Answer Stats

#Team% Correct
7Brazil
100%
3England
98%
5Germany / West Germany
98%
2Argentina
93%
2Spain
93%
2Italy
88%
2Mexico
88%
1Romania
84%
1South Korea
84%
1Netherlands
81%
1Russia
81%
3Uruguay
81%
2Bulgaria
77%
2Austria
74%
1Poland
72%
1Switzerland
72%
1Yugoslavia
72%
1Scotland
70%
2Hungary
67%
2Paraguay
65%
1Soviet Union
65%
1Wales
63%
1Cameroon
60%
1Nigeria
60%
1Saudi Arabia
58%
1Senegal
58%
1Costa Rica
47%
1Trinidad and Tobago
40%
1Cuba
33%
1Israel
23%

Score Distribution

Percentile by Number Answered

Percent of People with Each Score

Your Score History

You have not taken this quiz